| 000 | 00575nam a2200169 4500 | ||
|---|---|---|---|
| 001 | 140246 | ||
| 003 | ES-MaACL | ||
| 005 | 20230906200035.0 | ||
| 007 | t| | ||
| 008 | 070214s1976 sp r ||||1| spa d | ||
| 100 | 1 |
_aSegovia Azcárate, José María. _9105154 |
|
| 245 | 1 | 4 |
_aLas reproducciones de las naves descubridoras de América / _cJosé María Segovia Azcárate. |
| 260 |
_aHuelva : _bDiputación Provincial, _c1976. |
||
| 300 |
_a162 p., 23 lám. ; _c17 cm. |
||
| 710 | 1 |
_aHuelva (Provincia). _bDiputación Provincial. _94624 |
|
| 852 |
_aES-MaACL _jA-5814 _bR.94650 |
||
| 999 |
_c140246 _d140246 |
||